000 00630nam a2200241Ia 4500
005 20260430150356.0
008 008 250103s9999 xx 000 0 eng d
037 _aTheses
040 _aCRL
040 _beng
040 _ceng
041 _2eng
041 _aeng
084 _qCRL
100 _aTolani Himanshu Au.; Pandey Ranjita Gu.
_91237307
245 0 _aAssessment of Event Dynamics Through Bayesian Models
260 _c2023
300 _a127p.
650 _aStatistics
700 _aUniversity of Delhi. Faculty of Mathematical Sciences. Deptt. of Statistics
942 _cTH
999 _c1849636
_d1849636